000 00425nam a2200181Ia 4500
001 15804
005 20260306170223.0
008 260306t2004||||xx |||||||||||||| ||und||
041 _aESP
082 _a620.11
_bB33
100 _aBeer, Ferdinand P.
_eAUT
245 0 _aMecánica de materiales
260 _c2004
300 _axix, 790 páginas :
_c27 cm.
650 _aGEN
654 _aCIC
942 _cLIB
_dJUS
_fJUS
_2ddc
_n
999 _c15804
_d15804